Microcomputer applications development techniques for evalution and implementation

Đã lưu trong:
Sonraí Bibleagrafaíochta
Príomhúdar: Michael Simon Bodner
Formáid: Leabhar
Teanga:Undetermined
Foilsithe: TPR 1987
Ábhair:
Clibeanna: Cuir Clib Leis
Gan Chlibeanna, Bí ar an gcéad duine leis an taifead seo a chlibeáil!
Thư viện lưu trữ: Trung tâm Học liệu Trường Đại học Cần Thơ
LEADER 00535nam a2200157Ia 4500
001 CTU_5114
008 210402s9999 xx 000 0 und d
082 |a 004.6 
082 |b B668 
100 |a Michael Simon Bodner 
245 0 |a Microcomputer applications development techniques for evalution and implementation 
245 0 |c Michael Simon Bodner, Parnela Kay Hutchins 
260 |b TPR 
260 |c 1987 
650 |a computers,programming languages ( electronic computers ) 
980 |a Trung tâm Học liệu Trường Đại học Cần Thơ